Normal view
MARC view
Entry Personal Name
001 - CONTROL NUMBER
- control field: 12515
003 - CONTROL NUMBER IDENTIFIER
- control field: BD-RjUL
005 - DATE AND TIME OF LATEST TRANSACTION
- control field: 20240325112311.0
008 - FIXED-LENGTH DATA ELEMENTS
- fixed length control field: 240325|| aca||aabn | a|a d
040 ## - CATALOGING SOURCE
- Original cataloging agency: BD-RjUL
- Transcribing agency: BD-RjUL
100 ## - HEADING--PERSONAL NAME
- Personal name: Uddin, Md. Sabur
670 ## - SOURCE DATA FOUND
- Source citation: Work cat.: (BD-RjUL)83466: Uddin, Md. Sabur, A Study of Characterizations of Gamma Rings and Gamma Modules /, 2007